Skip to content
VuFind
Login
All Fields
Title
Author
Subject
Call Number
ISBN/ISSN
Tag
Find
Advanced
The law peports 2009 /
Cite this
Text this
Email this
Print
Export Record
Export to RefWorks
Export to EndNoteWeb
Export to EndNote
Export to MARC
Export to BibTeX
Export to RIS
Save to List
Permanent link
The law peports 2009 /
Saved in:
Bibliographic Details
Format:
Book
Language:
English
Tags:
Add Tag
No Tags, Be the first to tag this record!
Holdings
Description
Comments
Similar Items
Staff View
MARC
LEADER
00000nam a22000007a 4500
003
LK-ApPL
005
20260406151230.0
008
260406b |||||||| |||| 00| 0 eng d
040
|a
LK-ApPL
|b
eng
|d
LK-ApPL
041
|a
eng
082
|2
23
|a
340
245
|a
The law peports 2009 /
300
|a
208 P :
|c
21 CM.
942
|c
REF
999
|c
24328
|d
24328
Similar Items
Systems improvement : Peport no.9 of the Administrative Reforms Committee
by: Sri Lanka. Parliament
Published: (1988)
The Weekly Law Reports 2009 /
by: Scowen , Clive
The Weekly Law Reports 2009 /
by: Scowen , Clive
The Weekly Law Reports 2009 /
by: Scowen , Clive
The Weekly Law Reports 2009 /
by: Scowen , Clive